000 01244nam0a2200325 4500
001 RU\NLR\bibl\1119350
005 20250615064226.0
010 _a978-5-903036-60-8
_93000
021 _aRU
_b2007-46479
_92474
035 _a(NLR Aleph) 001106340
090 _a1210190
_c1210190
100 _a20070820d2007 |||y0rusy50 ca
101 0 _arus
_afre
102 _aRU
105 _ay |||||||||
200 1 _aНовый французско-русский и русско-французский словарь
_e100000 слов и словосочетаний
_fсост. Г.Н. Мошенская
210 _aМосква
_cДом Славянской книги
_d2007
215 _a958, [1] с.
_d21
320 _aБиблиогр.: с. 4 (9 назв.)
606 1 _aФранцузский язык
_xСловари
_xРусский язык
_91885330
_3RU\NLR\auth\661147425
606 1 _aРусский язык
_xСловари
_xФранцузский язык
_92080469
_3RU\NLR\auth\661256402
686 _aШ147.11-483
686 _aШ141.12-483
702 1 _aМошенская
_bГ. Н.
_4220
801 0 _aRU
_bNLR
_c20070820
_gRCR
801 1 _aRU
_bNLR
_c20070820
942 _cBOOK
980 _aNB